Magnus Archives - Statement Numbers - Statistics

General Stats
  • This quiz has been taken 6 times
  • The average score is 6 of 160
Answer Stats
Episode Statement % Correct
160 - The Eye Opens 0181810
50%
2 - Do Not Open 9982211
50%
100 - I Guess You Had To Be There | 101 - Another Twist N/A
50%
88 - Dig 0030411
25%
24 - Strange Music 0051701
25%
3 - Across the Street 0070107
25%
8 - Burnt Out 0071304
25%
72 - Takeaway 0092010
25%
5 - Thrown Away 0092302
25%
107 - Third Degree 0100102
25%
1 - Anglerfish 0122204
25%
43 - Section 31 0160919
25%
104 - Sneak Preview 0171406
25%
85 - Upon the Stair 376-U
25%
23 - Schwartzwald 8163103
25%
98 - Lights Out 8640514
25%
7 - The Piper 9220611
25%
66 - Held in Customs 0002202
0%
78 - Distant Cousin 0011206
0%
155 - Cost of Living | 9 - A Father's Love 0020312
0%
35 - Old Passages 0020406
0%
21 - Freefall 0022010
0%
146 - Threshold 0030109
0%
68 - The Tale of a Field Hospital 0030306
0%
70 - Book of the Dead 0030912
0%
27 - A Sturdy Lock 0032408
0%
52 - Exceptional Risk 0040904
0%
59 - Recluse 0052911
0%
134 - Time of Revelation 0060122
0%
75 - A Long Way Down 0060711
0%
139 - Chosen 0063011
0%
115 - Taking Stock 0070401
0%
67 - Burning Desire 0071803
0%
62 - First Edition 0080307
0%
51 - High Pressure 0080701
0%
106 - A Matter of Perspective 0081002
0%
49 - The Butcher's Window 0081103
0%
18 - The Man Upstairs 0081212
0%
130 - Meat 0081912
0%
154 - Bloody Mary 0082107
0%
145 - Infectious Doubts 0090202
0%
97 - We All Ignore the Pit 0090303
0%
144 - Decrypted 0090310
0%
156 - Reflection 0090401
0%
57 - Personal Space 0090404
0%
37 - Burnt Offering 0090608
0%
126 - Sculptor's Tool 0091110
0%
108 - Monologue 0092008
0%
114 - Cracked Foundation 0092204
0%
48 - Lost in the Crowd 0100325
0%
10 - Vampire Killer | 56 - Children of the Night 0100710
0%
31 - First Hunt 0100912
0%
69 - Thought for the Day 0101811
0%
33 - Boatswain's Call 0110201
0%
45 - Blood Bag 0110209
0%
148 - Extended Surveillance 0110304
0%
112 - Thrill of the Chase 0111311
0%
14 - Piecemeal 0112905
0%
19 - Confession I | 20 - Desecrated Host II 0113005
0%
136 - The Puppeteer 0120112
0%
153 - Love Bombing 0120204
0%
38 - Lost and Found 0120606
0%
12 - First Aid 0121102
0%
124 - Left Hanging 0121112
0%
110 - Creature Feature 0121403
0%
36 -Taken ill 0121911
0%
30 - Killing Floor 0130111
0%
129 - Submerged 0130409
0%
90 - Body Builder 0130807
0%
42 - Grifter's Bone 0131103
0%
149 - Concrete Jungle 0131305
0%
157 - Rotten Core 0131408
0%
83 - Drawing a Blank 0131910
0%
54 - Still Life 0132306
0%
4 - Page Turner 0132806
0%
103 - Cruelty Free 0140207
0%
102 - Nesting Instinct 0140406
0%
15 - Lost John's Cave | 150 - Cul-de-Sac 0140911
0%
6 - Squirm 0140912
0%
87 - The Uncanny Valley 0141010
0%
135 - Dark Matter 0141407
0%
32 - Hive 0142302
0%
63 - The End of the Tunnel 0143103
0%
122 - Zombie 0150102
0%
123 - Web Development 0150108
0%
16 - Arachnophobia 0150409
0%
74 - Fatigue 0150806
0%
11 - Dreamer 0151403
0%
25 - Growing Dark 0151904
0%
64 - Burial Rites 0152005
0%
61 - Hard Shoulder 0160112
0%
26 - A Distortion 0160204
0%
55 - Pest Control 0160311
0%
39 - Infestation 0160729-A
0%
40 - Human Remains 0160729-B
0%
41 - Too Deep 0160902
0%
47 - The New Door 0161002
0%
22 - Colony 0161203
0%
34 - Anatomy Class 0161207
0%
13 - Alone 0161301
0%
28 - Skintight 0161704
0%
65 - Binary 0170107
0%
117 - Testament 0170208-AtoF
0%
79 - Hide and Seek 0170216-A
0%
80 - The Librarian 0170216-B
0%
118 - The Masquerade 0170608-A/B
0%
119 - Stranger and Stranger 0170708 U
0%
120 - Eye Contact 0170908
0%
73 - Police Lights 0171102
0%
76 - The Smell of Blood 0171302
0%
81 - A Guest for Mister Spider 0171702-A
0%
82 - The Eyewitnesses 0171702-B
0%
89 - Twice as Bright 0172404
0%
71 - Underground 0172501
0%
91 - The Coming Storm 0172804-A
0%
92 - Nothing Beside Remains 0172804-B
0%
94 - Dead Woman Walking 0172904
0%
109 - Nightfall 0172906
0%
111 - Family Business 0173006
0%
128 - Heavy Goods 0180303
0%
141 - Doomed Voyage 0181106
0%
142 - Scrutiny 0181206
0%
151 - Big Picture 0181408
0%
121 - Far Away 0181502
0%
143 - Heart of Darkness 0181606
0%
131 - Flesh 0182003
0%
147 - Weaver 0182007
0%
132 - Entombed 0182403
0%
158 - Panopticon 0182509-A
0%
159 - The Last 0182509-B
0%
113 - Breathing Room 571-U
0%
140 - The Movement of the Heavens 7150101
0%
116 - The Show Must Go On 7870211
0%
50 - Foundations 8141206
0%
127 - Remains to be Seen 8312111
0%
152 - Gravedigger's Envy 8370108
0%
58 - Trail Rations 8450512
0%
138 - The Architecture of Fear 8671302
0%
133 - Dead Horse 9302706
0%
99 - Dust to Dust 9522002
0%
137 - Nemesis 9550307
0%
29 - Cheating Deat 9720406
0%
60 - Observer Effect 9721207
0%
44 - Tightrope 9790302
0%
86 - Tucked In 9830203
0%
84 - Possessive 9900112
0%
125 - Civilian Casualties 9931907
0%
77 - The Kind Mother 9941509
0%
93 - Contaminant 9950503
0%
96 - Return to Sender 9961505
0%
95 - Absent Without Leave 9970211
0%
53 - Crusader 9970509
0%
46 - Literary Heights 9981221
0%
17 - The Bone Turner's Tale 9991006
0%
105 - Total War D-1862-143
0%
No matching quizzes found
Score Distribution
Percent of People with Each Score
Percentile by Number Answered
Your Score History
You have not taken this quiz